000 00846nam a2200217 i 4500
001 25161
003 ES-MaACL
005 20250930063038.0
007 t|
008 021220s1923 cu ||||1| spa d
100 1 _aAramburo y Machado, Mariano,
_d1870-1942
_922220
245 1 3 _aDiscurso leído en la solemne sesión de apertura de curso de 1923-24 el día 10 de octubre de 1923 /
_cpor Mariano Aramburo y Machado.
260 _aHabana :
_b[s.n.],
_c1923 (
_fImp. El Siglo XX)
300 _a39 p. ;
_c24 cm.
594 _aPrecede al tít.: Academia Católica de Ciencias Sociales.
594 _aTít. del dicurso, en portadilla: El fracaso de la democracia y la reforma política.
650 7 _aDemocracia
_2embne
_911574
651 4 _aCuba-
_xPolítica y gobierno.
_98113
852 _aES-MaACL
_j1665-F-5
999 _c25161
_d25161